000
00265nam a2200109Ia 4500
008
220204s9999 xx 000 0 und d
082
_a
82-3
_b
CHR
100
_a
Christie, Agatha
245
0
_a
Sittaford mystery
260
_a
Great Britain
_b
Fontana
_c
1983
942
_c
BK
999
_c
37552
_d
37552